000 00894nam a2200277 i 4500
003 DO-SdBNP
005 20240710122321.0
007 ta
008 240710b2008 ck ||||| |||| 00| 0 spa d
020 _a9789584509512
040 _aDO-SdBNP
_bspa
_cBNPHU
_erda
082 4 _222
100 1 _aWikstrom, Owe,
_eautor
_986028
245 1 3 _aEl elogio de la lentitud :
_bla promesa de una vida sin prisa /
_cOwe Wikstrom ; traducción, Paula Botero
264 _aColombia :
_bNorma,
_c2008.
300 _a193 páginas ;
_c20 cm.
336 _2rdacontent
_atexto
_btxt
337 _2rdamedia
_asin mediación
_bn
338 _2rdacarrier
_avolumen
_bnc
500 _aIncluye datos biográficos del autor en las solapas
504 _aBibliografía : páginas 191-193
590 _aInventariado, 2024/BT
700 _aBotero, Paula,
_etraducci►2n
_986029
910 _aBtavárez
942 _2ddc
_cLBS1
999 _c57244
_d57244